000 01366nam a2200253 a 4500
008 080109s1976 ||||||||||||||||| || u
020 _a0256018472
050 _aHD 31 Wie
100 _aWieland, George F. (George Fred), 1936-
245 1 0 _aOrganizations: behaviour, design and change
260 _aHomewood, Ill.
_bRichard D. Irwin
_c1976
300 _axvi, 582 p. : ill.
350 _a0.00
490 _aThe Irwin series in management and the behavioral sciences
500 _aIncludes bibliographies and index.
650 _aORGANIZATION
650 0 _aMANAGEMENT
700 _aUllrich, Robert A
995 _D0.00
_FCBU-MAIN LIBRARY (Kitwe)
_H3
_I0.00
_M1
_UDAMAGED
_ZMain Library Open Access Collection
995 _D0.00
_FCBU-MAIN LIBRARY (Kitwe)
_H2
_I0.00
_M2
_UDAMAGED
_ZMain Library Open Access Collection
995 _D0.00
_FCBU-MAIN LIBRARY (Kitwe)
_H1
_I0.00
_M3
_UDAMAGED
_ZMain Library Open Access Collection
995 _D0.00
_FCBU-MAIN LIBRARY (Kitwe)
_H4
_I0.00
_M4
_UDAMAGED
_ZMain Library Open Access Collection
995 _D0.00
_FCBU-SCHOOL TEXTBOOK COLLECTIONS
_H1
_I0.00
_M5
_UAVAILABLE
_WSep 16, 2009
_ZSchool Collections
999 _c81688
_d81688